000 00346nam a2200145Ia 4500
008 240624s9999 xx 000 0 und d
041 _aeng
082 _a658.8 WOO
100 _aWOODBURN DIANA
245 _aKEY ACCOUNT MANAGEMENT THE DEFINITIVE GU
250 _a(3rd Revised)
260 _c2011
_bWiley
300 _a496 : p.
365 _c
_b30
999 _c25348
_d25348